01399nam a2200241Ia 4500100002900000650000800029250000600037942000700043366000700050654001200057245003600069260003300105082002200138300000800160546001200168999001700180952016000197952016000357952016000517952016000677952016000837952016000997 aSalivahanan/S/ Suresh/K  aEDC a2 cBK f20 aDevices aElectronic devices and circuits bMcGraw-HillaNew Delhic2008 a621.3815/SALbSAL a946 aENGLISH c22850d22850 001040708CRCaCRCEbCRCEd2023-03-17eProfessional Book Houseg250.00i16 dt 25/06/2008l0o621.3815/SAL SALp18777r2023-03-17v270.00w0000-00-00yBK 001040708CRCaCRCEbCRCEd2023-03-17eProfessional Book Houseg250.00i16 dt 25/06/2008l0o621.3815/SAL SALp18778r2023-03-17v270.00w0000-00-00yBK 001040708CRCaCRCEbCRCEd2023-03-17eProfessional Book Houseg250.00i16 dt 25/06/2008l0o621.3815/SAL SALp18779r2023-03-17v270.00w0000-00-00yBK 001040708CRCaCRCEbCRCEd2023-03-17eProfessional Book Houseg250.00i16 dt 25/06/2008l0o621.3815/SAL SALp18780r2023-03-17v270.00w0000-00-00yBK 001040708CRCaCRCEbCRCEd2023-03-17eProfessional Book Houseg250.00i16 dt 25/06/2008l0o621.3815/SAL SALp18781r2023-03-17v270.00w0000-00-00yBK 001040708CRCaCRCEbCRCEd2023-03-17eProfessional Book Houseg250.00i16 dt 25/06/2008l0o621.3815/SAL SALp18782r2023-03-17v270.00w0000-00-00yRB